Burenie shpurov i skvazhin pri podzemnoĭ dobyche rud /

Bibliographic Details
Main Author: Polonskiĭ, M. I. (Mikhail Isakovich)
Other Authors: Leshchinskiĭ, Vladimir Grigorʹevich
Format: Book
Language:Russian
Published: Moskva : Gos. nauchno-tekhn. izd-vo lit-ry po gornomu delu, 1959.
Subjects:

MARC

Tag First Indicator Second Indicator Subfields
LEADER 00000cam a2200000Ia 4500
001 in00001715311
005 20151024203232.0
008 030205s1959 ru a b 000 0 rusr
010 |a  60030416  
035 |a (OCoLC)ocm51577901 
040 |a DLC  |c TXA  |d UtOrBLW 
049 |a TXAM 
050 0 0 |a TN279  |b .P67 
090 |a TN281  |b .P65 1959 
100 1 |a Polonskiĭ, M. I.  |q (Mikhail Isakovich) 
245 1 0 |a Burenie shpurov i skvazhin pri podzemnoĭ dobyche rud /  |c M.I. Polonskiĭ, V.G. Leshchinskiĭ. 
264 1 |a Moskva :  |b Gos. nauchno-tekhn. izd-vo lit-ry po gornomu delu,  |c 1959. 
300 |a 225 pages :  |b illustrations ;  |c 23 cm. 
336 |a text  |b txt  |2 rdacontent 
337 |a unmediated  |b n  |2 rdamedia 
338 |a volume  |b nc  |2 rdacarrier 
504 |a Includes bibliographical references (pages 225-[226]). 
650 0 |a Boring. 
700 1 |a Leshchinskiĭ, Vladimir Grigorʹevich. 
948 |a cataloged  |b h  |c 2003/2/5  |d c  |e spoltoratski  |f 12:15:29 pm 
949 |a updated  |b h  |c 2003/2/5  |e spoltoratski  |f 12:15:32 pm 
994 |a E0  |b TXA 
999 |a MARS 
999 f f |s d0af2760-6190-356d-aade-2087c027c6dd  |i 305bb37c-91e6-302d-add6-b59fd54a6c93  |t 0 
952 f f |p ric  |a Texas A&M University  |b Rellis Campus  |c Joint Library Facility  |d Remote Storage  |t 0  |e TN281 .P65 1959  |h Library of Congress classification  |i unmediated -- volume  |m A14829825220 
998 f f |a TN281 .P65 1959  |t 0  |l Remote Storage